Europe Map Click Quiz in Croatian - Statistics

General Stats
  • This quiz has been taken 83 times
  • The average score is 35 of 45
Answers on the Map
Answers color-coded by a green-red scale on the quiz's map according to % correct below.
 
Answer Stats
Answer % Correct
Irska
89%
Francuska
87%
Italija
85%
Albanija
84%
Grčka
84%
Island
84%
Portugal
84%
Španjolska
84%
Ujedinjeno Kraljevstvo
84%
Andora
82%
Belgija
82%
Bosna i Hercegovina
82%
Danska
82%
Norveška
82%
Rusija
82%
Austrija
81%
Bjelorusija
81%
Finska
81%
Hrvatska
81%
Kosovo
81%
Estonija
79%
Latvija
79%
Slovenija
79%
Švedska
79%
Češka Republika
77%
Luksemburg
77%
Slovačka
77%
Srbija
77%
Bugarska
76%
Grad Vatikan
76%
Lihtenštajn
76%
Poljska
76%
Rumunjska
76%
Švicarska
76%
Ukrajina
76%
Mađarska
74%
Malta
74%
Moldavija
74%
Monako
73%
Sjeverna Makedonija
73%
San Marino
71%
Litva
69%
Crne Gore
68%
Nizozemska
68%
Njemačka
66%
No matching quizzes found
Score Distribution
Percent of People with Each Score
Percentile by Number Answered
Your Score History
You have not taken this quiz